[Event "Gibraltar Open"]
[Site "Caleta ENG"]
[Date "2012.01.29"]
[Round "6.124"]
[White "Rough, Robert E"]
[Black "Savage, Neil"]
[Result "1-0"]
[WhiteElo "1762"]
[BlackElo "1645"]
[WhiteFideId "2403030"]
[BlackFideId "14304783"]
[EventDate "2012.01.24"]

1. c4 g6 2. g3 Bg7 3. Bg2 e6 4. Nc3 c5 5. e4 Nc6 6. Nge2 Nge7 7. O-O d6 8. d3 a6
9. f4 O-O 10. Rb1 Rb8 11. Qe1 Nb4 12. Qd1 b5 13. a3 Nbc6 14. Be3 b4 15. axb4
Rxb4 16. e5 Qb6 17. Na4 Qb7 18. exd6 Nf5 19. Bxc5 Qd7 20. Nac3 Rb8 21. Ne4 Ncd4
22. Nxd4 Bxd4+ 23. Bxd4 Nxd4 1-0

[Event "Gibraltar Open"]
[Site "Caleta ENG"]
[Date "2012.01.30"]
[Round "7.16"]
[White "Cramling, Pia"]
[Black "Fridman, Daniel"]
[Result "1/2-1/2"]
[WhiteTitle "GM"]
[BlackTitle "GM"]
[WhiteElo "2491"]
[BlackElo "2660"]
[WhiteFideId "1700030"]
[BlackFideId "11600454"]
[EventDate "2012.01.24"]

1. d4 Nf6 2. Nf3 e6 3. c4 d5 4. Nc3 c6 5. Bg5 dxc4 6. a4 b5 7. axb5 cxb5 8. Nxb5
Qb6 9. Na3 Bxa3 10. Qa4+ Nc6 11. Qxa3 Ne4 12. e3 Qb4+ 13. Qxb4 Nxb4 14. Rc1 Nd3+
15. Bxd3 cxd3 16. Bf4 g5 17. Bc7 Bb7 18. Nd2 g4 19. Nxe4 Bxe4 20. Kd2 Kd7 21.
Rc3 Rhc8 22. Rhc1 a6 23. f3 gxf3 24. gxf3 Bxf3 25. Kxd3 f5 26. Bf4 Be4+ 27. Kd2
Rxc3 28. Rxc3 Rc8 29. Rxc8 Kxc8 30. Kc3 Kb7 1/2-1/2

[Event "Gibraltar Open"]
[Site "Caleta ENG"]
[Date "2012.01.30"]
[Round "7.18"]
[White "Cabrera, Alexis"]
[Black "Parligras, Mircea-Emilian"]
[Result "0-1"]
[WhiteTitle "GM"]
[BlackTitle "GM"]
[WhiteElo "2504"]
[BlackElo "2650"]
[WhiteFideId "3502783"]
[BlackFideId "1204297"]
[EventDate "2012.01.24"]

1. e4 c5 2. Nf3 d6 3. d4 cxd4 4. Nxd4 Nf6 5. Nc3 a6 6. Be3 e6 7. f3 b5 8. Qd2
Bb7 9. O-O-O Nbd7 10. g4 Nb6 11. Qf2 Nfd7 12. Bd3 Rc8 13. Nce2 Be7 14. Kb1 O-O
15. f4 Nc4 16. g5 Nc5 17. Ng3 Nxe3 18. Qxe3 e5 19. Ndf5 Ne6 20. Nh5 exf4 21. Qh3
Bxg5 22. Nfxg7 Nxg7 23. Rhg1 Re8 24. e5 Rxe5 25. Nxg7 Kxg7 26. Qxh7+ Kf6 27.
Rxg5 Rxg5 28. Qh6+ Rg6 29. Bxg6 fxg6 30. Qxf4+ Kg7 31. Rxd6 Qe8 32. Qf6+ Kg8 33.
Qxg6+ Qxg6 34. Rxg6+ Kf7 35. Rg4 Bc6 36. b3 Bd7 37. Rf4+ Ke6 38. Kb2 Ke5 39. Rh4
Bf5 40. c3 Be4 41. Rh6 Bc6 42. Rh7 Ra8 43. Ka3 Kd6 44. Rf7 Kc5 45. Rf5+ Bd5 46.
Rf4 Re8 47. Rf2 Re3 48. Kb2 Be4 49. Rd2 a5 50. Rf2 Re1 51. a3 a4 52. bxa4 bxa4
53. Ka2 Kc4 54. h4 Kxc3 0-1

[Event "Gibraltar Open"]
[Site "Caleta ENG"]
[Date "2012.01.30"]
[Round "7.19"]
[White "Iturrizaga, Eduardo"]
[Black "Khurtsidze, Nino"]
[Result "1/2-1/2"]
[WhiteTitle "GM"]
[BlackTitle "IM"]
[WhiteElo "2649"]
[BlackElo "2444"]
[WhiteFideId "3901211"]
[BlackFideId "13600320"]
[EventDate "2012.01.24"]

1. c4 Nf6 2. Nf3 e6 3. g3 d5 4. Bg2 d4 5. O-O c5 6. e3 Nc6 7. exd4 cxd4 8. d3
Bd6 9. a3 a5 10. Re1 O-O 11. Nbd2 h6 12. h3 Re8 13. g4 e5 14. g5 hxg5 15. Nxg5
Bf5 16. Qf3 Bg6 17. h4 Bh5 18. Qh3 Bg4 19. Qh1 Qd7 20. Nde4 Be7 21. Ng3 g6 22.
Bd2 Kg7 23. Bxc6 bxc6 24. Rxe5 Bd6 25. Rxe8 Rxe8 26. N3e4 Nxe4 27. Nxe4 Be5 28.
f3 Bh3 29. Nf2 Bf5 30. Re1 Bc7 31. Rxe8 Qxe8 32. Ne4 Qb8 33. b4 axb4 34. axb4
Bf4 35. Qg2 Bxd2 36. Qxd2 Bxe4 37. fxe4 Qg3+ 38. Kf1 Qxh4 39. Qf2 Qh1+ 40. Ke2
Qa1 41. e5 Qb2+ 42. Kf3 Qxb4 43. Qxd4 c5 44. Qd6 Qd2 45. Qf6+ Kg8 46. Qd8+ Kg7
47. Qf6+ Kg8 48. Qd8+ 1/2-1/2

[Event "Gibraltar Open"]
[Site "Caleta ENG"]
[Date "2012.01.30"]
[Round "7.20"]
[White "Gustafsson, Jan"]
[Black "Raznikov, Danny"]
[Result "1-0"]
[WhiteTitle "GM"]
[BlackTitle "IM"]
[WhiteElo "2643"]
[BlackElo "2436"]
[WhiteFideId "4625498"]
[BlackFideId "2811154"]
[EventDate "2012.01.24"]

1. c4 c5 2. Nf3 Nc6 3. Nc3 g6 4. e3 Nf6 5. d4 cxd4 6. exd4 d5 7. cxd5 Nxd5 8.
Qb3 Nxc3 9. Bc4 Nd5 10. Bxd5 e6 11. Bxc6+ bxc6 12. O-O Bg7 13. Qa3 Qe7 14. b3
Qxa3 15. Bxa3 Bb7 16. Rac1 O-O-O 17. Bc5 Rd5 18. Bxa7 Ra5 19. Bc5 Rxa2 20. Ng5
Bh6 21. f4 Ba6 22. Rf3 Bxg5 23. fxg5 Rd8 24. Rxf7 Rd7 25. Rf8+ Kb7 26. Re1 Rb2
27. Rf3 Rd5 28. Rf7+ Kc8 29. h4 Rd7 30. Rf3 Re2 31. Ra1 Kb7 32. b4 1-0

[Event "Gibraltar Open"]
[Site "Caleta ENG"]
[Date "2012.01.30"]
[Round "7.21"]
[White "Arnold, Marc T"]
[Black "Erdos, Viktor"]
[Result "1/2-1/2"]
[WhiteTitle "IM"]
[BlackTitle "GM"]
[WhiteElo "2482"]
[BlackElo "2634"]
[WhiteFideId "2022320"]
[BlackFideId "719978"]
[EventDate "2012.01.24"]

1. d4 Nf6 2. c4 g6 3. Nf3 Bg7 4. Nc3 d5 5. cxd5 Nxd5 6. e4 Nxc3 7. bxc3 c5 8.
Rb1 O-O 9. Be2 cxd4 10. cxd4 Qa5+ 11. Qd2 Qxd2+ 12. Bxd2 b6 13. O-O Bb7 14. d5
Na6 15. Bg5 f6 16. Be3 f5 17. Bc4 Kh8 18. exf5 gxf5 19. Bg5 Rfc8 20. Rfc1 Nc7
21. Rd1 Ne8 22. Bb3 Bf6 23. Re1 Rc7 24. Bf4 Rc5 25. Be3 Rc7 26. Bf4 Rc5 27. Be3
Rc7 1/2-1/2

[Event "Gibraltar Open"]
[Site "Caleta ENG"]
[Date "2012.01.30"]
[Round "7.22"]
[White "Aloma Vidal, Robert"]
[Black "Fier, Alexandr"]
[Result "0-1"]
[WhiteTitle "IM"]
[BlackTitle "GM"]
[WhiteElo "2431"]
[BlackElo "2603"]
[WhiteFideId "2260409"]
[BlackFideId "2107139"]
[EventDate "2012.01.24"]

1. d4 Nf6 2. Nf3 g6 3. c4 Bg7 4. Nc3 O-O 5. e4 d6 6. h3 e5 7. d5 Na6 8. Bg5 Qe8
9. Nd2 Nh5 10. Be2 Nf4 11. O-O Bd7 12. Re1 Nc5 13. Nb3 b6 14. Bf1 h6 15. Bxf4
exf4 16. Nd4 a6 17. Qd2 Qe7 18. Rac1 Qf6 19. Nf3 a5 20. e5 dxe5 21. Nxe5 Bxh3
22. gxh3 Qg5+ 23. Bg2 Bxe5 24. Ne4 Nxe4 25. Rxe4 Bd6 26. Rc2 Rfe8 27. Qd3 Rxe4
28. Qxe4 a4 29. Re2 a3 30. b3 h5 31. Qd3 Kh7 32. Kf1 Qf6 33. Bf3 Kh6 34. Qd1 Qh4
35. Kg2 Qg5+ 36. Kh2 Rg8 37. Re1 Qf6 38. Kg2 Bc5 39. Re2 Qg5+ 40. Kf1 Qh4 41.
Kg2 g5 42. Qd2 Be3 43. Rxe3 fxe3 44. Qxe3 Qf4 45. Qxf4 gxf4+ 46. Kf1 Kg5 47. b4
Kf6 48. Bxh5 Rh8 49. Bg4 Ke5 50. Kg2 Kd4 51. Be2 f3+ 52. Bxf3 Kxc4 53. Bd1 Kxb4
54. Bb3 Kc5 55. Kg3 Kd6 56. Kg4 Rg8+ 57. Kf5 Rg2 58. f4 Rb2 59. Bc4 b5 0-1

[Event "Gibraltar Open"]
[Site "Caleta ENG"]
[Date "2012.01.30"]
[Round "7.23"]
[White "Quillan, Gary"]
[Black "Koneru, Humpy"]
[Result "0-1"]
[WhiteTitle "IM"]
[BlackTitle "GM"]
[WhiteElo "2409"]
[BlackElo "2589"]
[WhiteFideId "401153"]
[BlackFideId "5008123"]
[EventDate "2012.01.24"]

1. e4 c5 2. Nf3 e6 3. c3 d5 4. e5 d4 5. Bd3 Bd7 6. O-O Bc6 7. Re1 g5 8. h3 h5 9.
Nh2 g4 10. hxg4 hxg4 11. Qxg4 dxc3 12. Be4 Nh6 13. Qf4 cxb2 14. Bxb2 Bxe4 15.
Qxe4 Nc6 16. Na3 Qxd2 17. Nc4 Qd5 18. Qf4 O-O-O 19. Nf3 Nf5 20. Nd6+ Nxd6 21.
exd6 Rh7 22. Rad1 Bxd6 23. Rxd5 Bxf4 24. Rxc5 Bd6 25. Rc4 Rh5 26. Bf6 Rd7 27.
Ng5 Bh2+ 28. Kf1 Bc7 29. Ke2 Rh2 30. Rg4 Rh6 31. Ne4 Be5 32. Bxe5 Nxe5 33. Rc1+
Nc6 34. Nc5 Rd5 35. Rgc4 e5 36. Rb1 b6 37. Ne4 Kd7 38. f3 f5 39. Ng3 Nd4+ 40.
Kf2 Rc6 41. Rxc6 Kxc6 42. Nf1 Rc5 43. Rb2 Rc3 44. Ke1 b5 45. Kd2 Ra3 46. Ne3 a5
47. Nc2 Nxc2 48. Rxc2+ Kd5 49. Ke2 b4 50. Kf2 f4 51. Ke2 Kd4 52. Kd2 Rd3+ 53.
Ke2 Rc3 54. Rd2+ Kc4 55. Ke1 a4 56. Rd8 Rc2 0-1

[Event "Gibraltar Open"]
[Site "Caleta ENG"]
[Date "2012.01.30"]
[Round "7.24"]
[White "Kulaots, Kaido"]
[Black "Zhukova, Natalia"]
[Result "1/2-1/2"]
[WhiteTitle "GM"]
[BlackTitle "GM"]
[WhiteElo "2581"]
[BlackElo "2426"]
[WhiteFideId "4500261"]
[BlackFideId "14101513"]
[EventDate "2012.01.24"]

1. e4 e6 2. d4 d5 3. Nc3 Nf6 4. Bg5 dxe4 5. Nxe4 Nbd7 6. Nf3 h6 7. Nxf6+ Nxf6 8.
Be3 Nd5 9. Bd2 c5 10. Bb5+ Bd7 11. Bxd7+ Qxd7 12. c4 Nb6 13. Rc1 Rc8 14. dxc5
Bxc5 15. b4 Be7 16. c5 Nd5 17. Ne5 Qc7 18. Qa4+ Kf8 19. Nd3 Bg5 20. Bxg5 hxg5
21. g3 Ke7 22. b5 Rhd8 23. O-O Kf8 24. Rfe1 Ne7 25. Ne5 Rd5 26. Qe4 Rcd8 27. a4
Rxc5 28. Rxc5 Qxc5 29. Qxb7 Ke8 30. Kg2 f6 31. Ng4 e5 32. Ne3 Rd2 33. Qa8+ Kf7
34. Qb7 Kg8 35. Qa8+ Kf7 36. Qb7 Kg8 37. Qa8+ 1/2-1/2

[Event "Gibraltar Open"]
[Site "Caleta ENG"]
[Date "2012.01.30"]
[Round "7.26"]
[White "Gislason, Gudmundur"]
[Black "Jussupow, Artur"]
[Result "0-1"]
[BlackTitle "GM"]
[WhiteElo "2332"]
[BlackElo "2569"]
[WhiteFideId "2300559"]
[BlackFideId "4618777"]
[EventDate "2012.01.24"]

1. d4 Nf6 2. Nf3 e6 3. g3 c5 4. Bg2 cxd4 5. Nxd4 d5 6. O-O e5 7. Nb3 Be6 8. Bg5
Nbd7 9. e4 dxe4 10. Nc3 Be7 11. Bxf6 Nxf6 12. Qxd8+ Rxd8 13. Nxe4 Nxe4 14. Bxe4
b6 15. Bc6+ Kf8 16. Rad1 Rxd1 17. Rxd1 f6 18. Bd5 Kf7 19. a4 Rc8 20. c3 a6 21.
Kf1 Bxd5 22. Rxd5 Rc4 23. a5 Ke6 24. Rd1 b5 25. Ke2 f5 26. Kd3 g5 27. Re1 Kf6
28. f3 h5 29. h3 g4 30. fxg4 hxg4 31. Nd2 Ra4 32. b3 e4+ 33. Ke2 Ra2 34. hxg4
Ke5 35. Rf1 fxg4 36. Rf4 Rxd2+ 37. Kxd2 Bg5 38. Ke3 Bxf4+ 39. gxf4+ Kf5 40. c4
bxc4 41. bxc4 g3 42. c5 Ke6 0-1

[Event "Gibraltar Open"]
[Site "Caleta ENG"]
[Date "2012.01.30"]
[Round "7.27"]
[White "Ali, Sebbar"]
[Black "Berg, Emanuel"]
[Result "1/2-1/2"]
[BlackTitle "GM"]
[WhiteElo "2292"]
[BlackElo "2550"]
[WhiteFideId "8100977"]
[BlackFideId "1704060"]
[EventDate "2012.01.24"]

1. e4 e6 2. d4 d5 3. Nd2 Nf6 4. e5 Nfd7 5. Bd3 c5 6. c3 Nc6 7. Ne2 cxd4 8. cxd4
f6 9. Nf4 Nxd4 10. Qh5+ Ke7 11. exf6+ Nxf6 12. Ng6+ hxg6 13. Qxh8 Kf7 14. O-O e5
15. Nb3 Nxb3 16. axb3 Bf5 17. Bxf5 gxf5 18. Bg5 Bc5 19. Qh3 g6 20. Ra4 d4 21.
Rc4 Bb6 22. Rfc1 Qd7 23. Qh6 Rg8 24. Bxf6 Kxf6 25. h4 Ke6 26. Qg5 Qe7 27. Qg3
Qd7 28. Qg5 Qe7 29. Qg3 Qd7 30. Qg5 e4 31. g4 Qd8 32. Qh6 Qf8 33. Qg5 Qd8 34.
Qh6 Qf8 35. Qg5 d3 36. Rc8 Bd8 37. Qf4 Qd6 38. Qxd6+ Kxd6 39. gxf5 gxf5+ 40. Kf1
Ke5 41. R1c5+ Ke6 42. h5 f4 43. Rc4 Ke5 44. R8c5+ Kd6 45. Rc8 Ke5 46. R8c5+ Kd6
47. Rc8 Ke5 1/2-1/2

[Event "Gibraltar Open"]
[Site "Caleta ENG"]
[Date "2012.01.30"]
[Round "7.29"]
[White "Lind, Jan-Olof"]
[Black "Del Rio De Angelis, Salvador G."]
[Result "0-1"]
[BlackTitle "GM"]
[WhiteElo "2219"]
[BlackElo "2531"]
[WhiteFideId "1701193"]
[BlackFideId "2203138"]
[EventDate "2012.01.24"]

1. e4 e6 2. Nf3 d5 3. Nc3 Nf6 4. e5 Nfd7 5. d4 c5 6. dxc5 Nc6 7. Bf4 Nxc5 8. Bd3
Be7 9. h4 Qb6 10. O-O Bd7 11. Rb1 O-O 12. Ng5 h6 13. Nf3 f6 14. exf6 Bxf6 15.
Bd6 Ne7 16. Be5 Be8 17. Bxf6 Rxf6 18. Ne5 Nc6 19. Ng4 Rf8 20. Be2 Rd8 21. b4 Nd7
22. Na4 Qd4 23. Bd3 h5 24. b5 Qxa4 25. bxc6 bxc6 26. Nh2 Qxh4 27. Rb7 Ra8 28.
Nf3 Qf6 29. Be2 Nc5 30. Rb1 e5 31. c4 d4 32. Nd2 Bg6 33. Rb4 Qg5 34. Nf3 Rxf3
35. Bxf3 e4 36. Be2 d3 37. Qb1 dxe2 38. Rb8+ Rxb8 39. Qxb8+ Kh7 0-1

[Event "Gibraltar Open"]
[Site "Caleta ENG"]
[Date "2012.01.30"]
[Round "7.30"]
[White "Sargissian, Gabriel"]
[Black "Valhondo Morales, Ruben"]
[Result "1-0"]
[WhiteTitle "GM"]
[WhiteElo "2683"]
[BlackElo "2046"]
[WhiteFideId "13300881"]
[BlackFideId "22202692"]
[EventDate "2012.01.24"]

1. d4 d5 2. c4 c6 3. Nc3 e6 4. e3 Bd6 5. Bd3 f5 6. Nge2 Nf6 7. f3 O-O 8. Qc2 Kh8
9. O-O dxc4 10. Bxc4 Qe7 11. Ng3 Nbd7 12. Nce2 c5 13. Bd2 Nb6 14. Bb3 Bd7 15.
Rac1 Rac8 16. Qb1 cxd4 17. exd4 Nfd5 18. Rxc8 Rxc8 19. Rc1 Rg8 20. a4 Bc6 21. a5
Nd7 22. Qa2 g5 23. Ba4 Bxa4 24. Qxa4 N7f6 25. a6 h5 26. axb7 Qxb7 27. Rc6 Bf4
28. Nxf4 gxf4 29. Nf1 Qg7 30. g3 fxg3 31. hxg3 h4 32. Rxe6 hxg3 33. Kg2 Nh5 34.
Rh6+ Qxh6 35. Bxh6 Nhf4+ 36. Kg1 Nh3+ 37. Kg2 Ndf4+ 38. Bxf4 Nxf4+ 39. Kg1 g2
40. Ng3 Rxg3 41. Qe8+ Kh7 42. Qf7+ Kh6 43. Qf6+ Ng6 44. Qxf5 Rg5 45. Qf6 Kh5 46.
Qg7 Rg3 47. f4 Nxf4 48. Qxg3 Ne2+ 49. Kxg2 Nxg3 50. Kxg3 Kg5 51. Kf3 Kf5 52. b4
a6 53. Ke3 Kf6 54. Ke4 Ke6 55. d5+ Kd6 56. Kd4 1-0

[Event "Gibraltar Open"]
[Site "Caleta ENG"]
[Date "2012.01.30"]
[Round "7.33"]
[White "Montero Melendez, Rafael"]
[Black "Kosintseva, Nadezhda"]
[Result "1/2-1/2"]
[BlackTitle "GM"]
[WhiteElo "2303"]
[BlackElo "2537"]
[WhiteFideId "2221772"]
[BlackFideId "4134974"]
[EventDate "2012.01.24"]

1. c4 e6 2. g3 Nf6 3. Bg2 d5 4. Nf3 dxc4 5. Na3 Bxa3 6. bxa3 O-O 7. Bb2 Nc6 8.
Qc2 Re8 9. Qxc4 e5 10. Ng5 Qe7 11. O-O h6 12. Ne4 Nxe4 13. Bxe4 Be6 14. Qb5 Bd7
15. Qb3 Nd4 16. Bxd4 exd4 17. Bxb7 Rab8 18. Qd5 Bh3 19. Rfe1 Qxa3 20. Rab1 c5
21. Qh5 Be6 22. Bd5 Rb6 23. Rxb6 axb6 24. Rb1 Qa6 25. Qe5 Qa4 26. Bxe6 Rxe6 27.
Qb8+ Kh7 28. Rxb6 Qd1+ 29. Kg2 Qxe2 30. Rxe6 Qxe6 31. Qf4 Qxa2 32. Qf5+ g6 33.
Qxc5 Qxd2 34. Qd5 Kg8 35. Qd7 Qc3 36. Qe8+ Kg7 37. Qe5+ Kh7 38. Qd5 Kg8 39. h4
h5 40. Qd8+ Kg7 41. Qd5 d3 42. Kf3 Qc2 43. Qd4+ Kh7 44. Qd5 Qe2+ 45. Kg2 Kg7 46.
Qd4+ f6 47. Qd7+ Kh6 48. Qd8 Qe4+ 49. Kh2 Kg7 50. Qd7+ Kf8 51. Qd8+ Kf7 52. Qd7+
Kf8 53. Qd8+ Kf7 54. Qd7+ 1/2-1/2

[Event "Gibraltar Open"]
[Site "Caleta ENG"]
[Date "2012.01.30"]
[Round "7.35"]
[White "Borosova, Zuzana"]
[Black "Pavlovic, Milos"]
[Result "1-0"]
[WhiteTitle "WGM"]
[BlackTitle "GM"]
[WhiteElo "2284"]
[BlackElo "2531"]
[WhiteFideId "14905779"]
[BlackFideId "900389"]
[EventDate "2012.01.24"]

1. e4 c6 2. Nc3 d5 3. Nf3 Bg4 4. h3 Bxf3 5. Qxf3 e6 6. Qg3 Nd7 7. Be2 Qb8 8.
Qxb8+ Rxb8 9. a3 Ngf6 10. exd5 cxd5 11. d4 Rc8 12. Bf4 a6 13. Bd3 Nb6 14. Nb1
Kd7 15. b3 Nh5 16. Bd2 g5 17. g3 Bg7 18. c3 h6 19. O-O Rc6 20. a4 Rhc8 21. Ra2
R8c7 22. Kg2 Nc8 23. f4 gxf4 24. g4 Nf6 25. Bxf4 Nd6 26. Bxh6 Bxh6 27. Rxf6 Bg5
28. Rf3 Ke7 29. Raf2 f6 30. Re2 Bh4 31. Rfe3 Nf7 32. c4 Rd7 33. cxd5 1-0

[Event "Gibraltar Open"]
[Site "Caleta ENG"]
[Date "2012.01.30"]
[Round "7.37"]
[White "Sanchez, Louis"]
[Black "Dvirnyy, Daniyyl"]
[Result "0-1"]
[WhiteTitle "FM"]
[BlackTitle "IM"]
[WhiteElo "2261"]
[BlackElo "2492"]
[WhiteFideId "624225"]
[BlackFideId "817570"]
[EventDate "2012.01.24"]

1. Nf3 Nf6 2. c4 g6 3. b3 Bg7 4. Bb2 O-O 5. g3 c5 6. Bg2 d5 7. cxd5 Qxd5 8. Nc3
Qf5 9. O-O Nc6 10. Rc1 Rb8 11. a3 b6 12. d3 Rd8 13. Qc2 Bb7 14. Qb1 Bh6 15. Rc2
e5 16. Bc1 Bf8 17. Na4 Re8 18. e4 Qe6 19. Nc3 h6 20. h3 Red8 21. Rd1 Rd7 22. Be3
Rbd8 23. Bf1 Nd4 24. Bxd4 cxd4 25. Ne2 Nxe4 0-1

[Event "Gibraltar Open"]
[Site "Caleta ENG"]
[Date "2012.01.30"]
[Round "7.38"]
[White "Tabatt, Hendrik"]
[Black "Muzychuk, Mariya"]
[Result "0-1"]
[BlackTitle "IM"]
[WhiteElo "2281"]
[BlackElo "2483"]
[WhiteFideId "4653572"]
[BlackFideId "14114550"]
[EventDate "2012.01.24"]

1. e4 d5 2. exd5 Nf6 3. d4 Nxd5 4. c4 Nb6 5. Nf3 g6 6. c5 Nd5 7. Bc4 Bg7 8. Qb3
c6 9. O-O O-O 10. Re1 b6 11. Nc3 Be6 12. Ng5 b5 13. Bxb5 Bxd4 14. Bc4 Nd7 15.
Nce4 Nxc5 16. Nxc5 Bxc5 17. Rxe6 fxe6 18. Qh3 Bxf2+ 19. Kh1 Nf6 20. Bf4 Qd4 21.
Qxe6+ Kh8 22. Be5 Qh4 23. Ne4 Rae8 24. Bc3 Bb6 25. Rf1 Bd8 26. g3 Qh6 27. Qxc6
Qg7 28. Ng5 e5 29. Ne6 Rxe6 30. Bxe6 Bc7 31. Re1 Rd8 32. Bh3 Qe7 33. Qb7 Qc5 34.
Bg2 Rb8 35. Qf3 Kg7 36. Qe2 Re8 37. Rc1 Bb6 38. Bd2 Qd4 39. Rd1 Qg4 40. Bf3 Qe6
41. Bc3 Re7 42. a4 h5 43. a5 Bc7 44. b4 Kh7 45. Re1 Bd6 46. b5 e4 47. b6 axb6
48. Bxf6 Qxf6 49. Bxe4 bxa5 50. Qxh5+ Kg7 51. Qg4 a4 52. Rd1 Bc5 53. Bxg6 Qxg6
54. Qxa4 Qf5 55. Qc6 Rf7 56. Qd5 Qg4 57. Re1 Bd4 58. Qe4 Rf1+ 59. Kg2 0-1

[Event "Gibraltar Open"]
[Site "Caleta ENG"]
[Date "2012.01.30"]
[Round "7.41"]
[White "Womacka, Mathias"]
[Black "Arvola, Benjamin"]
[Result "1-0"]
[WhiteTitle "GM"]
[WhiteElo "2455"]
[BlackElo "2261"]
[WhiteFideId "4611390"]
[BlackFideId "1506536"]
[EventDate "2012.01.24"]

1. e4 c5 2. Nf3 d6 3. d4 Nf6 4. Nc3 cxd4 5. Nxd4 g6 6. Be3 Bg7 7. f3 O-O 8. Qd2
Nc6 9. O-O-O d5 10. exd5 Nxd5 11. Nxc6 bxc6 12. Bd4 Nxc3 13. Qxc3 Bh6+ 14. Be3
Bxe3+ 15. Qxe3 Qb6 16. Qxe7 Be6 17. Qa3 Rfd8 18. Bd3 Rd5 19. Rhe1 Ra5 20. Qc3
Rxa2 21. b3 Qa5 22. Qxa5 Rxa5 23. Kb2 Rg5 24. g3 a5 25. Ra1 Kg7 26. f4 Rh5 27.
h4 Kf6 28. Ra4 Rc5 29. c4 Bf5 30. Bf1 Rd8 31. Kc3 Bg4 32. Bd3 Rh5 33. Re3 h6 34.
Ra1 Rc5 35. Rae1 Ra8 36. f5 a4 37. fxg6 a3 38. Rf1+ Kg7 39. gxf7 Kf8 40. Bg6 1-0

[Event "Gibraltar Open"]
[Site "Caleta ENG"]
[Date "2012.01.30"]
[Round "7.45"]
[White "Molina, Roberto Junio Brito"]
[Black "Vanparys, Philip"]
[Result "1/2-1/2"]
[WhiteTitle "IM"]
[WhiteElo "2415"]
[BlackElo "2174"]
[WhiteFideId "2109450"]
[BlackFideId "202975"]
[EventDate "2012.01.24"]

1. d4 d6 2. e4 Nf6 3. Nc3 g6 4. Be3 c6 5. Qd2 b5 6. f3 Nbd7 7. h4 Bb7 8. Nh3 Qc7
9. Ne2 Nb6 10. Ng3 h5 11. Ng5 e5 12. O-O-O Be7 13. f4 Ng4 14. Bg1 exd4 15. Bxd4
O-O 16. Be2 Bc8 17. f5 d5 18. Bxg4 Qxg3 19. Bf3 Nc4 20. Qe2 dxe4 21. Nxe4 Qf4+
22. Kb1 Bxf5 23. g3 Qh6 24. Nc3 Bb4 25. Bxc6 Bxc3 26. Bxc3 Rac8 27. Bd7 b4 28.
Bxc8 Rxc8 29. Bf6 Bg4 30. Qxc4 Rxc4 31. Rd8+ Qf8 32. Rxf8+ Kxf8 33. Re1 Bf5 34.
Re2 a6 35. b3 Rc7 36. Rd2 Rd7 37. Rxd7 Bxd7 38. Bd8 Kg7 39. Ba5 g5 40. hxg5 Kg6
41. Bxb4 Kxg5 42. Kc1 Kg4 43. Bd6 h4 44. gxh4 Kxh4 45. Kd2 Kg4 46. c4 Kf5 47.
Kc3 Ke4 48. Kb4 Kd3 49. Ka5 Bc8 50. Be5 Kc2 51. Bf6 Kd2 52. Kb6 Kd3 53. Kc7 Be6
54. Kb7 Bxc4 55. bxc4 Kxc4 56. Kxa6 Kb4 57. Be7+ Ka4 1/2-1/2

[Event "Gibraltar Open"]
[Site "Caleta ENG"]
[Date "2012.01.30"]
[Round "7.46"]
[White "Pettersson, Anders1"]
[Black "Lund, Silas"]
[Result "1/2-1/2"]
[BlackTitle "IM"]
[WhiteElo "2219"]
[BlackElo "2414"]
[WhiteFideId "1709771"]
[BlackFideId "1405454"]
[EventDate "2012.01.24"]

1. d4 d5 2. c4 e6 3. Nc3 Nf6 4. Nf3 c6 5. Bg5 Nbd7 6. e3 Qa5 7. Nd2 dxc4 8. Bxf6
Nxf6 9. Bxc4 Be7 10. O-O O-O 11. e4 e5 12. d5 b5 13. Bb3 Bb7 14. a4 b4 15. d6
Bd8 16. Na2 Qc5 17. Nc4 Nxe4 18. Qd3 Qd4 19. Qc2 Nc5 20. Rad1 Qf4 21. Nxb4 Rb8
22. Ba2 a5 23. Nd3 Nxd3 24. Rxd3 c5 25. Re3 e4 26. Rfe1 Bf6 27. Nxa5 Qxd6 28.
Nxb7 Rxb7 29. b3 Be5 30. g3 f5 31. b4+ Kh8 32. bxc5 Qd4 33. Rb3 Qxa4 34. c6 Ra7
35. Bb1 Rc8 36. Rc1 Rac7 37. Rb8 Qxc2 38. Rxc8+ Rxc8 39. Rxc2 g6 40. Ba2 Kg7 41.
Be6 Rc7 42. Bd7 Ra7 43. Kg2 1/2-1/2

[Event "Gibraltar Open"]
[Site "Caleta ENG"]
[Date "2012.01.30"]
[Round "7.49"]
[White "Sos Andreu, Eric"]
[Black "Melia, Salome"]
[Result "0-1"]
[BlackTitle "IM"]
[WhiteElo "2113"]
[BlackElo "2398"]
[WhiteFideId "22247017"]
[BlackFideId "13602446"]
[EventDate "2012.01.24"]

1. e4 c5 2. c3 Qa5 3. Nf3 d6 4. Bc4 e6 5. O-O b5 6. Bb3 c4 7. Bc2 Bb7 8. Re1 Nf6
9. d3 cxd3 10. Qxd3 Nbd7 11. Nbd2 Be7 12. a4 bxa4 13. Rxa4 Qc7 14. Qe2 O-O 15.
Nd4 Nc5 16. Ra1 a5 17. f4 e5 18. Nf5 exf4 19. e5 dxe5 20. Nxe7+ Qxe7 21. Qxe5
Qxe5 22. Rxe5 Nfd7 23. Rf5 Rfe8 24. Rxf4 Re2 25. Rf2 Rae8 26. Nf3 a4 27. Bf4
Rxf2 28. Kxf2 Be4 29. Re1 Nf6 30. Be3 Rb8 31. Bxc5 Rxb2 32. Nd4 Bxc2 33. Re2
Ne4+ 34. Kf3 Bd1 0-1

[Event "Gibraltar Open"]
[Site "Caleta ENG"]
[Date "2012.01.30"]
[Round "7.51"]
[White "Lundback, Karl"]
[Black "Schiller, Eric"]
[Result "0-1"]
[BlackTitle "FM"]
[WhiteElo "1907"]
[BlackElo "2109"]
[WhiteFideId "1716026"]
[BlackFideId "2002973"]
[EventDate "2012.01.24"]

1. e4 c6 2. d3 d5 3. Nd2 e5 4. Ngf3 Bd6 5. g3 Nf6 6. Bg2 O-O 7. O-O Bg4 8. h3
Be6 9. Re1 Qc7 10. Qe2 Nbd7 11. Ng5 h6 12. Nxe6 fxe6 13. Nf3 Nh7 14. c3 Bc5 15.
Be3 dxe4 16. dxe4 Rf6 17. Nh2 Raf8 18. Bxc5 Nxc5 19. Qe3 Qb6 20. Ng4 R6f7 21. b4
Na4 22. Qxb6 axb6 23. Re2 Nxc3 24. Rc2 Nb5 25. Nxe5 Rc7 26. Rd2 c5 27. Nd7 Rf7
28. Ne5 Rf8 29. Bf1 Nd4 30. Bc4 Ng5 31. Kg2 Nxe4 32. Rb2 b5 33. Bd3 Nd6 34. bxc5
Rxc5 35. Nd7 Rc3 36. Nxf8 Rxd3 37. Ng6 Nc4 38. Rbb1 Nc2 39. Rd1 Rxd1 40. Rxd1
N2e3+ 41. fxe3 Nxe3+ 42. Kf3 Nxd1 43. Nf4 Kf7 44. Nd3 Ke7 45. h4 Nc3 46. Nc1 e5 0-1

[Event "Gibraltar Open"]
[Site "Caleta ENG"]
[Date "2012.01.30"]
[Round "7.52"]
[White "Carlsten, Peter"]
[Black "Kuipers, Stefan"]
[Result "0-1"]
[BlackTitle "FM"]
[WhiteElo "2030"]
[BlackElo "2391"]
[WhiteFideId "1705067"]
[BlackFideId "1018400"]
[EventDate "2012.01.24"]

1. e4 c5 2. Nf3 Nc6 3. d4 cxd4 4. Nxd4 Nf6 5. Nc3 e5 6. Ndb5 d6 7. Bg5 a6 8.
Bxf6 gxf6 9. Na3 b5 10. Nd5 Bg7 11. Bd3 Ne7 12. Nxe7 Qxe7 13. O-O O-O 14. Qf3 f5
15. exf5 Bb7 16. Qg4 d5 17. c3 e4 18. Rfe1 b4 19. cxb4 Kh8 20. Rab1 Qxb4 21. Re3
Qd6 22. Bf1 Qf6 23. Rd1 Rad8 24. Nb1 Bc8 25. Nc3 Bxf5 26. Qh5 Qe6 27. Rg3 d4 28.
Ne2 Be5 29. Rg5 Bg6 30. Qg4 Qxg4 31. Rxg4 f5 32. Rh4 f4 33. Nc1 d3 34. g3 d2 35.
Nb3 e3 36. gxf4 Bc2 0-1